000 00200nam a2200085 4500
001 1258111
005 20260226134338.0
245 _aDÜŞLER ÜLKESİNDE
_cSARA GÜRBÜZ ÖZEREN
260 _bDAMLA YAYINLARI
999 _c1258111
_d1258111